000 00313nam a2200121Ia 4500
008 190216s9999||||xx |||||||||||||| ||und||
100 _a"Cravens ,hills & Wood Ruff"
245 0 _aMarketing Management
260 _bAitbs Publishers And Distributors
_c1996
300 _a814p
650 _aCommerce
942 _cBK
999 _c6112
_d6112